| 000 | 00936nam a22003015i 4500 | ||
|---|---|---|---|
| 001 | 10991 | ||
| 003 | ES-MaACL | ||
| 005 | 20230906150015.0 | ||
| 007 | t| | ||
| 008 | 930113s1992 sp ||||0| spa j | ||
| 020 | _a84-7286-333-6 | ||
| 040 |
_aM-BN _bspa _cM-BN |
||
| 080 | _a308-054.72(=1.460:82)"18/19" | ||
| 080 | _a325.14(82)"18/19" | ||
| 100 | 1 |
_aSánchez Alonso, Blanca. _9102447 |
|
| 245 | 1 | 3 |
_aLa inmigración española en Argentina, siglos XIX y XX / _cBlanca Sánchez Alonso. |
| 250 | _a[1ª ed.]. | ||
| 260 |
_a[Gijón] : _bJúcar, _c1992. |
||
| 300 |
_a168 p : _bgráf ; _c20 cm. |
||
| 490 | 1 |
_aCruzar el charco ; _v2 |
|
| 500 | _aIndice. | ||
| 504 | _aBibliografía: p. [151]-161. | ||
| 650 | 4 |
_aEspañoles- _zArgentina- _vHistoria. _9153268 |
|
| 651 | 4 |
_aArgentina- _xInmigración. _9168606 |
|
| 830 | 0 |
_aCruzar el charco ; _v2 _9178898 |
|
| 852 |
_aES-MaACL _jL-18343 _bR.121976 |
||
| 999 |
_c10991 _d10991 |
||